000 00331nam a22001457a 4500
020 _a03978-93-5103-864-1
082 _a001
_bTON/I
100 _aTONPE, VIJAYANTI SAVANT
245 _aINDIA FASCINATING & FUN GAMES
260 _aNEW YORK
_bSCHOLASTIC
300 _a128
520 _aQUIZ
650 _aQUIZ
_zNEW YORK
942 _cBK
999 _c6083
_d6083